عندما تفقد شغف النجاح : (رقم التسجيلة. 147403)

تفاصيل مارك
000 -الفاتح
عناصر البيانات ثابتة الطول 00808nam a22002177a 4500
005 - تاريخ ووقت آخر معاملة
حقل ضبط 20251108180011.0
008 - عناصر البيانات ثابتة الطول
عناصر البيانات ثابتة الطول 250721s2024 ua gr 000 0 ara d
020 ## - الترقيم الدولي المعياري للكتب (ردمك)
الترقيم الدولي المعياري للكتب (ردمك) 9789773567859
041 1# - كود اللغة
كود اللغة لنص/مسار صوت أو عنوان منفصل ara
كود اللغة للأصل eng
082 14 - رقم تصنيف ديوي العشري
رقم التصنيف 158.6
رقم المادة ج ر ا
100 1# - مدخل رئيسي – اسم شخصي
الاسم الشخصي جرايزر، كريستيان
علاقة الشخص بالعمل/ دوره مؤلف.
245 10 - بيان العنوان
العنوان عندما تفقد شغف النجاح :
بقية العنوان خلق دوافع للتقدم المهني /
بيان المسؤولية تأليف كريستيان جرايزر ؛ ترجمة هند أسعد.
250 ## - بيان الطبعة
بيان الطبعة الطبعة الأولى.
264 31 - بيانات النشر، التوزيع…إلخ
مكان النشر، التوزيع...إلخ الجيزة :
اسم الناشر، الموزع...إلخ هلا للنشر والتوزيع،
تاريخ النشر، التوزيع...إلخ 2024.
300 ## - الوصف المادي
عدد الوحدات المكونة للوعاء 253 صفحة.
650 17 - مدخل إضافي بالموضوع - مصطلح موضوعي
مصطلح موضوعي أو اسم جغرافي كعنصر مدخل النجاح.
650 17 - مدخل إضافي بالموضوع - مصطلح موضوعي
مصطلح موضوعي أو اسم جغرافي كعنصر مدخل سيكولوجية المهنة.
700 1# - مدخل إضافي - اسم شخصي
الاسم الشخصي أسعد، هند
علاقة الشخص بالعمل/ دوره مترجم.
942 ## - بيانات إضافية (كوها)
نوع التنصيف Dewey Decimal Classification
نوع المادة (كوها) كتب
المقتنيات
حالة السحب حالة الفقدان مصدر التصنيف حالة التلف غير قابل للإعارة المكتبة الرئيسية المكتبة الحالية موقع الرف تاريخ التزويد الرقم المتسلسل Total Checkouts رقم الإستدعاء الباركود تاريخ آخر ظهور تاريخ الفاتورة نوع المادة (كوها)
    Dewey Decimal Classification     المكتبة المركزية المكتبة المركزية الإعارة 28/07/2025 1795230   158.6 / ج ر ا PLD00516681 28/07/2025 28/07/2025 كتب
Implemented & Customized by: BBB with SCIT (Smart Chains for Information Technology)

Powered by Koha